| 000 | 00723nam a2200253 a 4500 | ||
|---|---|---|---|
| 001 | BRCA_7448 | ||
| 005 | 20190320205835.0 | ||
| 008 | 110413s1950----sp-a######---#000-0#spa-# | ||
| 041 | _aspa | ||
| 044 | _asp | ||
| 050 | 4 |
_aBR1023 _b.O78 1950 |
|
| 100 | 1 |
_aOrtiz Echague, Jose _918343 |
|
| 245 | 1 | 0 |
_aEspaña mistica _cpor Jose Ortiz Echague ; pról. de Miguel Herrero García. |
| 250 | _a2 | ||
| 260 |
_aMadrid _bMayfe _c1950 |
||
| 300 |
_a32 p. _bil., 280 láminas |
||
| 500 | _aVer también Y170 (4a. ed.) | ||
| 500 | _aQ203 | ||
| 650 | 1 | 4 |
_aMonasticismo y órdenes religiosas _918344 |
| 651 | 4 |
_aEspaña _xReligión _918345 |
|
| 700 | 1 |
_aHerrero García, Miguel _epról. _918346 |
|
| 902 | _aGFM | ||
| 942 |
_2lcc _cB |
||
| 999 |
_c7124 _d7124 |
||